000 01119nam a22003377a 4500
001 BR2012001518
003 BR-BrBNA
005 20230928103907.0
007 ta
008 230509b bl.||||| |||| 00| 0 por d
040 _aBR-BrBNA
_bpor
_cBiblioteca Nacional de Agricultura
041 _a(Por)
072 _aQ70; P33; F04
090 _ Q70 BR2012001518
100 1 _aLasso, P.R.O.
110 1 _aCentro de Energia Nuclear na Agricultura, Piracicaba, SP (Brasil)
_0Tese (Doutor em Ciências)
245 1 _aAvaliação da utilização de resíduos de construção civil e de demolição reciclados (RCD-R)como corretivos de acidez e condicionadores de solo
260 3 _aPiracicaba, SP (Brasil):
_c2011.
300 _a123 p.
500 _aSummaries (Eng, Por); Bibliography p. 117-123; 46 illus.; 32 tables
650 _aACIDEZ DO SOLO
650 _aCALCÁRIO
650 _aFÍSICA DO SOLO
650 _aPOLÍTICA AMBIENTAL
650 _aUMIDADE DO SOLO
650 _aPOROSIDADE
650 _aRESÍDUO INDUSTRIAL
650 _aRECICLAGEM
909 _a202309
_bLucia
_c55
_dLucia Elande
942 _cBK
999 _c77121
_d77121